00688nam a2200241 a 4500001001300000003000900013005001700022008004100039020001200080082001600092100002100108245005800129260002600187300000900213500003500222505001000257650002000267650001400287902000800301942000700309952011500316999001500431nice12345678IN_TiNIC20260116012748.0050524s1963 lona grp 000 0 eng  ac28.1400a230.61bWEN aWendel, Francois aCalvinb the Origins and Devpt. of Religious Thought. aLondonbCollinsc1963 a383p aincludes index and biblioraphy2 aIndex aTheology-Calvin aCalvinism bSRS cBK 001040708StackRoom-aHMIbHMId2007-06-14g28.14l0o230.61 WENp010144r2007-06-14v28.14w2005-05-24yBK c8271d8271